00606nam a2200181Ia 4500008004100000020001400041022001300055040001300068082001800081245006000099260004800159300003000207500005000237650004100287650003400328650003700362700002500399191130s1995##################000#0#eng## a521482798 a94037937 aACLcACL a330.94055 EIC aEurope's post-war recoverycedited by Barry Eichengreen aCambridgebCambridge University Pressc1995 aix, 357 p. : ill. ; 24 cm aIncludes bibliographical references and index aEurope - Economic conditions - 1945- aEurope - Economic integration aInternational economic relations aEichengreen, Barry J